| 000 | 01302nam a2200313 i 4500 | ||
|---|---|---|---|
| 001 | 182518 | ||
| 003 | ES-MaACL | ||
| 005 | 20231027130138.0 | ||
| 008 | 130911s2007 sp ## |||| |#spa## | ||
| 020 | _a978-84-932935-7-4 | ||
| 080 | _a338.45(460)"17":663.97 | ||
| 080 | _a334.724(460)"17" | ||
| 080 | _a613.84(460)"17" | ||
| 245 | 0 | 3 |
_aEl monopolio español de tabacos en el siglo XVIII, consumos y valores: una perspectiva regionapreso] / _cdirs, José M. Rodríguez Gordillo, Mª Montserrat Gárate Ojanguren ; Óscar Bergasa Perdomo ... [et al.]. |
| 260 |
_a[Madrid] : _bDirección de Comunicación de Altadis, _c[2007] |
||
| 300 |
_a525 p. : _bil. col. y n., gráf., mapas ; _c24 cm. |
||
| 490 | 1 |
_aLos libros de Altadis ; _v8 |
|
| 504 | _aIncluye referencias bibliográficas. | ||
| 650 | 4 |
_aIndustria tabaquera- _zEspaña- _vHistoria. _9153387 |
|
| 650 | 4 |
_aMonopolios estatales- _zEspaña. _9150127 |
|
| 650 | 4 |
_aTabaco- _xConsumo. _917272 |
|
| 700 | 1 |
_aRodríguez Gordillo, José Manuel. _998564 |
|
| 700 | 1 |
_aGárate Ojanguren, Montserrat. _9153388 |
|
| 700 | 1 |
_aBergasa Perdomo, Óscar. _9153389 |
|
| 830 | 0 |
_aLos libros de Altadis ; _v8 _9224844 |
|
| 852 |
_aES-MaACL _jA-12902 _9189431 _bR.149789 _cDEPO1 _dOlim: N-5902 |
||
| 942 |
_2udc _cMONOGRAFIA |
||
| 999 |
_c182518 _d182518 |
||